| 000 | 01324cam a2200349 a 4500 | ||
|---|---|---|---|
| 001 | 13525651 | ||
| 005 | 20170105102939.0 | ||
| 008 | 040114s2003 ii b 101 0 eng | ||
| 010 | _a 2003322742 | ||
| 020 | _z812910220X | ||
| 025 | _aI-E-2003-322742; 63-08 | ||
| 035 | _a(DLC) 2003322742 | ||
| 037 | _bLibrary of Congress -- New Delhi Overseas Office | ||
| 040 |
_aDLC _cDLC _dDLC |
||
| 042 | _alcode | ||
| 043 | _aaz----- | ||
| 050 | 0 | 0 |
_aHV6433.S64 _bS69 2003 |
| 082 |
_a363.320954 _bSOU 2003 |
||
| 245 | 0 | 0 |
_aSouth Asia post 9/11 : _bsearching for stability. |
| 260 |
_aNew Delhi : _bRupa & Co. in association with Observer Research Foundation, New Delhi, Rosa Luxemburg Foundation, Berlin, _c2003. |
||
| 300 |
_ax, 187 p. ; _c23 cm. |
||
| 504 | _aIncludes bibliographical references and index. | ||
| 520 | _aPapers presented at international conference held on February 20-21, 2003 at New Delhi. | ||
| 650 | 0 |
_aTerrorism _zSouth Asia _vCongresses. |
|
| 650 | 0 |
_aReligious pluralism _zSouth Asia _vCongresses. |
|
| 710 | 2 | _aObserver Research Foundation. | |
| 710 | 2 | _aRosa-Luxemburg-Stiftung. | |
| 856 | 4 | 1 |
_3Table of contents only _uhttp://www.loc.gov/catdir/toc/fy0713/2003322742.html |
| 906 |
_a7 _bcbc _corigode _d3 _encip _f20 _gy-gencatlg |
||
| 942 |
_2ddc _cBK |
||
| 999 |
_c16399 _d16399 |
||